Представление документа в формате RUSMARC

ПолеНазваниеЗначение
  Тип записи a
  Библиографический уровень m
001 Контрольный номер Book/9089
005 Дата корректировки 20260424102508.2
010 Индекс ISBN __
a ISBN 978-5-94655-179-3
b Уточнения в пер.
d Цена 81 к.
9 Тираж 1 100 экз.
090 Данные записи __
a Состояние записи 68.49(2)
b Тип записи Книги
c Язык записи Русский
d Отрасль знаний (КСУ) Общ.-полит.
e Секретность Несекретно
g Вид записи Монография (однотомник)
x Дата передачи записи для обработки Л87
100 Данные общей обработки __
a Данные общей обработки 20110425d2013 u u 1rusy ||||ca
101 Язык документа 0_
a Язык текста rus
105 Кодированные данные (монография) __
a Кодированные данные (монография) a z 000yy
181 Поле кодированных данных: вид содержания _1
a Код вида содержания (ISBD) i#
b Код характеристики содержания (ISBD) #xxe##
d i
g x
h x
i e
2 Код системы (источник кода, отличный от ISBD) isbdcontent
182 Поле кодированных данных: тип средства _1
a Код типа средства (ISBD) n
2 Код системы (источник кода, отличный от ISBD) isbdmedia
200 Заглавие и сведения об ответственности 1_
a Заглавие По велению долга
f Первые сведения об ответственности П. С. Лучшев
210 Выходные данные 1_
a Место издания Ульяновск
c Издательство Корпорация технологий продвижения
d Дата издания 2011
215 Физическое описание __
a Объем 80, [8] с.
c Иллюстрации/тип воспроизводства ил.
d Формат 30 см.
300 Общие примечания __
a Общие примечания Краеведческий фонд МБУК ЦБС
300 Общие примечания __
a Общие примечания 16+
606 Тематические рубрики 0_
a Основная рубрика Вооруженные силы СССР
610 Ключевые слова 0_
a Ключевые слова конфликты вооруженные
a Ключевые слова краеведение
a Ключевые слова ветераны боевых действий
a Ключевые слова война чеченская
a Ключевые слова советские войска в Афганистане
a Ключевые слова воины-ульяновцы
686 Индексы других классификаций __
a Классификационный индекс 68.49(2)
2 Код системы rubbk
700 Автор _1
a Фамилия Лучшев
b Имя (инициалы) П. С.
g Полное личное имя Петр Сергеевич
801 Источник записи _0
a Страна RU
b Организация МБУК ЦБС г. Ульяновска
c Дата составления 20110425
801 Источник записи _1
a Страна RU
b Организация МБУК ЦБС г. Ульяновска
c Дата составления 20110425
801 Источник записи _2
a Страна RU
b Организация МБУК ЦБС г. Ульяновска
c Дата составления 20120517
899 Данные о местонахождении __
3 Книга № 43622
a Местонахождение ЦГБ
i Авторский знак Л 87
j Расстановочный фильтр 68.49(2)
d Название фонда Инв.книга №1
q Состояние Свободно
x Инвентарный номер 145689
899 Данные о местонахождении __
3 Книга № 18051
a Местонахождение 22 ф
i Авторский знак Л87
d Название фонда Инв.книга №1
h Классификационная часть РШ 68.49(2)
q Состояние Свободно
x Инвентарный номер 145689
899 Данные о местонахождении __
3 Книга № 18052
a Местонахождение 22 ф
i Авторский знак Л87
d Название фонда Инв.книга №1
h Классификационная часть РШ 68.49(2)
q Состояние Свободно
x Инвентарный номер 145689
899 Данные о местонахождении __
3 Книга № 27874
a Местонахождение ЦГБ
i Авторский знак Л87
d Название фонда Инв.книга №1
h Классификационная часть РШ 68.49(2)
q Состояние Свободно
x Инвентарный номер 145689
899 Данные о местонахождении __
3 Книга № 27875
a Местонахождение ЦГБ
i Авторский знак Л87
d Название фонда Инв.книга №1
h Классификационная часть РШ 68.49(2)
q Состояние Свободно
x Инвентарный номер 145689
900 Электронные ресурсы __
a Имя электронного ресурса п лучшев по велению
901 Тип документа __
t Тип документа m
910 Корректоры записи __
a Корректор записи Тихонова